[Event "Turniej Blitza na II Lidze Juniorów 2018"]
[Site "Szczyrk, Poland"]
[Date "????.??.??"]
[Round "7.37"]
[White "Majewski, Krzysztof"]
[Black "Krzysztynska, Anna"]
[Result "1-0"]
[TimeControl "3'+2\""]
[WhiteElo "1323"]
[BlackElo "1610"]

1. e4 {[%clk 00:03:02]} {[%emt 00:00:56]} e5 {[%clk 00:03:02]} {[%emt
00:00:01]} 2. Bc4 {[%clk 00:03:02]} {[%emt 00:00:02]} Nc6 {[%clk 00:03:02]}
{[%emt 00:00:04]} 3. Nf3 {[%clk 00:03:02]} {[%emt 00:00:01]} Nf6 {[%clk
00:03:02]} {[%emt 00:00:02]} 4. d3 {[%clk 00:03:02]} h6 {[%clk 00:03:02]}
{[%emt 00:00:04]} 5. Bb3 {[%clk 00:03:02]} g6 {[%clk 00:02:58]} {[%emt
00:00:14]} 6. c3 {[%clk 00:03:04]} Bg7 {[%clk 00:02:59]} {[%emt 00:00:01]} 7.
O-O {[%clk 00:03:04]} {[%emt 00:00:02]} O-O {[%clk 00:02:58]} {[%emt 00:00:02]}
8. Bc2 {[%clk 00:03:05]} b6 {[%clk 00:02:48]} {[%emt 00:00:13]} 9. d4 {[%clk
00:03:04]} {[%emt 00:00:03]} exd4 {[%clk 00:02:39]} {[%emt 00:00:11]} 10. cxd4
{[%clk 00:03:04]} d5 {[%clk 00:02:28]} {[%emt 00:00:14]} 11. e5 {[%clk
00:03:04]} {[%emt 00:00:02]} Ne4 {[%clk 00:01:58]} {[%emt 00:00:32]} 12. Nc3
{[%clk 00:02:55]} {[%emt 00:00:11]} Nxc3 {[%clk 00:01:33]} {[%emt 00:00:28]} 13.
bxc3 {[%clk 00:02:56]} {[%emt 00:00:01]} Na5 {[%clk 00:01:30]} {[%emt
00:00:05]} 14. Bd3 {[%clk 00:02:51]} {[%emt 00:00:06]} Bb7 {[%emt 00:00:09]} 15.
Ba3 {[%clk 00:02:49]} {[%emt 00:00:03]} Re8 {[%clk 00:01:23]} {[%emt 00:00:03]}
16. Nd2 {[%clk 00:02:45]} {[%emt 00:00:06]} Rc8 {[%clk 00:01:12]} {[%emt
00:00:13]} 17. f4 {[%clk 00:02:39]} {[%emt 00:00:08]} c5 {[%clk 00:01:05]}
{[%emt 00:00:09]} 18. f5 {[%clk 00:02:30]} {[%emt 00:00:11]} g5 {[%clk
00:00:57]} {[%emt 00:00:11]} 19. f6 {[%clk 00:02:08]} {[%emt 00:00:23]} Bf8
{[%clk 00:00:58]} {[%emt 00:00:01]} 20. Nf3 {[%clk 00:02:05]} {[%emt 00:00:06]}
Nc4 {[%clk 00:00:34]} {[%emt 00:00:25]} 21. Bxc4 {[%clk 00:02:05]} {[%emt
00:00:02]} dxc4 {[%clk 00:00:35]} 22. Qd2 {[%clk 00:01:51]} {[%emt 00:00:15]}
Bxf3 {[%clk 00:00:16]} {[%emt 00:00:21]} 23. Rxf3 {[%clk 00:01:50]} {[%emt
00:00:03]} cxd4 {[%clk 00:00:14]} {[%emt 00:00:04]} 24. Bxf8 {[%clk 00:01:51]}
{[%emt 00:00:01]} Kxf8 {[%clk 00:00:13]} {[%emt 00:00:04]} 25. cxd4 {[%clk
00:01:51]} {[%emt 00:00:02]} Re6 {[%clk 00:00:12]} {[%emt 00:00:03]} 26. h4
{[%clk 00:01:49]} {[%emt 00:00:04]} Rxe5 {[%clk 00:00:10]} {[%emt 00:00:04]} 27.
hxg5 {[%clk 00:01:44]} {[%emt 00:00:07]} hxg5 {[%clk 00:00:10]} {[%emt
00:00:02]} 28. Qb4+ {[%clk 00:01:33]} {[%emt 00:00:12]} Kg8 {[%clk 00:00:10]}
{[%emt 00:00:03]} 29. dxe5 {[%clk 00:01:34]} {[%emt 00:00:02]} Qd4+ {[%clk
00:00:11]} 30. Kh2 {[%clk 00:01:21]} {[%emt 00:00:15]} Qxe5+ {[%clk 00:00:12]}
{[%emt 00:00:02]} 31. Rg3 {[%clk 00:01:22]} Qxa1 {[%clk 00:00:11]} {[%emt
00:00:03]} 32. Rxg5+ {[%clk 00:01:22]} {[%emt 00:00:02]} Kh7 {[%clk 00:00:12]}
33. Qe7 {[%clk 00:01:16]} {[%emt 00:00:08]} Qd4 {[%clk 00:00:05]} {[%emt
00:00:09]} 34. Qxf7+ {[%clk 00:01:15]} {[%emt 00:00:03]} Kh8 {[%clk 00:00:06]}
35. Qg7# {[%clk 00:01:16]} {[%emt 00:00:01]} 1-0

[Event "Turniej Blitza na II Lidze Juniorów 2018"]
[Site "Szczyrk, Poland"]
[Date "????.??.??"]
[Round "7.60"]
[White "Nowak, Patrycja"]
[Black "Klim, Filip"]
[Result "0-1"]
[TimeControl "3'+2\""]
[WhiteElo "1162"]
[BlackElo "1338"]

1. e4 {[%clk 00:03:03]} e5 {[%clk 00:03:01]} {[%emt 00:00:03]} 2. Nf3 {[%clk
00:03:04]} {[%emt 00:00:01]} Nc6 {[%clk 00:03:01]} {[%emt 00:00:03]} 3. Bb5
{[%clk 00:03:05]} {[%emt 00:00:01]} Nf6 {[%clk 00:02:59]} {[%emt 00:00:03]} 4.
Qe2 {[%clk 00:03:06]} {[%emt 00:00:01]} Bc5 {[%clk 00:02:35]} {[%emt 00:00:27]}
5. c3 {[%clk 00:03:06]} {[%emt 00:00:01]} d6 {[%clk 00:02:28]} {[%emt
00:00:09]} 6. O-O {[%clk 00:03:07]} {[%emt 00:00:02]} O-O {[%clk 00:02:28]}
{[%emt 00:00:02]} 7. d3 {[%clk 00:03:08]} {[%emt 00:00:02]} a6 {[%clk
00:02:26]} {[%emt 00:00:03]} 8. Ba4 {[%clk 00:03:09]} {[%emt 00:00:01]} b5
{[%clk 00:02:24]} {[%emt 00:00:04]} 9. Bc2 {[%clk 00:03:10]} {[%emt 00:00:01]}
Be6 {[%clk 00:02:20]} {[%emt 00:00:06]} 10. Rd1 {[%clk 00:03:10]} {[%emt
00:00:02]} Re8 {[%clk 00:02:17]} {[%emt 00:00:05]} 11. Nbd2 {[%clk 00:03:10]}
{[%emt 00:00:01]} d5 {[%clk 00:02:16]} {[%emt 00:00:04]} 12. Nf1 {[%emt
00:00:09]} d4 {[%clk 00:02:09]} {[%emt 00:00:07]} 13. Bg5 {[%clk 00:02:52]}
{[%emt 00:00:15]} h6 {[%emt 00:00:07]} 14. Bh4 {[%clk 00:02:50]} {[%emt
00:00:04]} b4 {[%clk 00:01:54]} {[%emt 00:00:11]} 15. c4 {[%clk 00:02:46]}
{[%emt 00:00:06]} Be7 {[%clk 00:01:45]} {[%emt 00:00:11]} 16. Bg3 {[%clk
00:02:34]} {[%emt 00:00:15]} Nd7 {[%clk 00:01:42]} {[%emt 00:00:05]} 17. h3
{[%clk 00:02:30]} {[%emt 00:00:06]} Bf6 {[%clk 00:01:35]} {[%emt 00:00:08]} 18.
Ba4 {[%clk 00:02:20]} {[%emt 00:00:13]} Na5 {[%clk 00:01:14]} {[%emt 00:00:22]}
19. Bxd7 {[%clk 00:02:18]} {[%emt 00:00:05]} Qxd7 {[%clk 00:01:11]} {[%emt
00:00:05]} 20. Bxe5 {[%clk 00:02:18]} {[%emt 00:00:02]} Bxe5 {[%clk 00:00:58]}
{[%emt 00:00:15]} 21. Nxe5 {[%clk 00:02:19]} {[%emt 00:00:01]} Qd6 {[%clk
00:00:59]} {[%emt 00:00:01]} 22. Nf3 {[%clk 00:02:18]} {[%emt 00:00:03]} b3
{[%clk 00:00:56]} {[%emt 00:00:05]} 23. a3 {[%clk 00:02:14]} {[%emt 00:00:06]}
Kh7 {[%emt 00:00:07]} 24. Qd2 {[%clk 00:02:13]} {[%emt 00:00:02]} Nc6 {[%clk
00:00:46]} {[%emt 00:00:08]} 25. Ng3 {[%clk 00:02:13]} {[%emt 00:00:02]} Ne5
{[%clk 00:00:45]} {[%emt 00:00:03]} 26. Nxe5 {[%clk 00:02:11]} {[%emt
00:00:04]} Qxe5 {[%clk 00:00:46]} {[%emt 00:00:01]} 27. f4 {[%clk 00:02:08]}
{[%emt 00:00:05]} Qc5 {[%clk 00:00:38]} {[%emt 00:00:10]} 28. f5 {[%clk
00:02:08]} {[%emt 00:00:02]} Bd7 {[%clk 00:00:38]} {[%emt 00:00:02]} 29. Qf4
{[%clk 00:02:05]} {[%emt 00:00:05]} a5 {[%clk 00:00:31]} {[%emt 00:00:09]} 30.
Rf1 {[%clk 00:01:56]} {[%emt 00:00:11]} f6 {[%clk 00:00:30]} {[%emt 00:00:03]}
31. Qg4 {[%clk 00:01:49]} {[%emt 00:00:08]} Qe5 {[%clk 00:00:27]} {[%emt
00:00:06]} 32. Nh5 {[%clk 00:01:40]} {[%emt 00:00:10]} Rg8 {[%clk 00:00:22]}
{[%emt 00:00:07]} 33. Qg6+ {[%clk 00:01:19]} {[%emt 00:00:23]} Kh8 {[%clk
00:00:22]} {[%emt 00:00:02]} 34. Rf3 {[%clk 00:01:20]} {[%emt 00:00:02]} Be8
{[%clk 00:00:19]} {[%emt 00:00:05]} 35. Qg4 {[%clk 00:01:18]} {[%emt 00:00:04]}
a4 {[%clk 00:00:19]} 36. Qf4 {[%clk 00:01:08]} {[%emt 00:00:12]} Bxh5 {[%clk
00:00:18]} {[%emt 00:00:04]} 37. Qxe5 {[%clk 00:01:07]} {[%emt 00:00:03]} fxe5
{[%clk 00:00:18]} {[%emt 00:00:02]} 38. Rg3 {[%clk 00:01:08]} Raf8 {[%clk
00:00:18]} {[%emt 00:00:02]} 39. Kh2 {[%clk 00:01:09]} {[%emt 00:00:01]} g6
{[%clk 00:00:18]} {[%emt 00:00:02]} 40. Rf1 {[%clk 00:01:06]} {[%emt 00:00:05]}
gxf5 {[%clk 00:00:18]} {[%emt 00:00:02]} 41. Rxg8+ {[%clk 00:01:05]} {[%emt
00:00:03]} Kxg8 {[%clk 00:00:19]} {[%emt 00:00:01]} 42. Rxf5 {[%clk 00:01:06]}
Rxf5 {[%clk 00:00:19]} {[%emt 00:00:02]} 43. exf5 {[%clk 00:01:07]} {[%emt
00:00:02]} Be2 {[%clk 00:00:18]} {[%emt 00:00:02]} 44. g4 {[%clk 00:01:07]}
{[%emt 00:00:02]} Bxd3 {[%clk 00:00:18]} {[%emt 00:00:02]} 45. Kg2 {[%clk
00:01:07]} {[%emt 00:00:02]} e4 {[%clk 00:00:19]} 46. Kf2 {[%clk 00:01:09]} e3+
{[%clk 00:00:19]} {[%emt 00:00:01]} 47. Ke1 {[%clk 00:01:10]} Bxc4 {[%clk
00:00:20]} {[%emt 00:00:01]} 48. h4 {[%clk 00:01:10]} {[%emt 00:00:02]} d3
{[%clk 00:00:21]} 49. g5 {[%clk 00:01:11]} {[%emt 00:00:01]} hxg5 {[%clk
00:00:20]} {[%emt 00:00:03]} 50. hxg5 Bd5 {[%clk 00:00:13]} {[%emt 00:00:08]}
51. f6 {[%clk 00:01:14]} {[%emt 00:00:01]} Kf7 {[%clk 00:00:14]} {[%emt
00:00:02]} 52. Kd1 {[%clk 00:01:09]} {[%emt 00:00:07]} Kg6 {[%clk 00:00:15]} 53.
Ke1 {[%clk 00:01:07]} {[%emt 00:00:04]} Kxg5 {[%clk 00:00:16]} 54. f7 {[%clk
00:01:06]} {[%emt 00:00:03]} Bxf7 {[%clk 00:00:17]} {[%emt 00:00:01]} 55. Kd1
{[%clk 00:01:08]} {[%emt 00:00:01]} Kf4 {[%clk 00:00:17]} {[%emt 00:00:01]} 56.
Ke1 {[%clk 00:01:09]} {[%emt 00:00:01]} Kf3 {[%clk 00:00:19]} 57. Kf1 {[%clk
00:01:09]} {[%emt 00:00:02]} d2 {[%clk 00:00:17]} {[%emt 00:00:03]} 58. Kg1
{[%clk 00:01:09]} {[%emt 00:00:02]} d1=Q+ {[%clk 00:00:16]} {[%emt 00:00:03]}
59. Kh2 {[%clk 00:01:10]} {[%emt 00:00:01]} Qe2+ {[%clk 00:00:15]} {[%emt
00:00:03]} 60. Kh3 {[%clk 00:01:12]} {[%emt 00:00:01]} Qg2 {[%clk 00:00:14]}
{[%emt 00:00:02]} 61. Kh4 {[%clk 00:01:13]} {[%emt 00:00:01]} Qg4+ {[%clk
00:00:15]} 0-1

[Event "Turniej Blitza na II Lidze Juniorów 2018"]
[Site "Szczyrk, Poland"]
[Date "????.??.??"]
[Round "7.59"]
[White "Chrobot, Tomasz"]
[Black "Jaszczuk, Mateusz"]
[Result "0-1"]
[TimeControl "3'+2\""]
[WhiteElo "1172"]
[BlackElo "1351"]

1. e4 {[%clk 00:02:59]} {[%emt 00:00:02]} c5 {[%clk 00:03:03]} 2. Nf3 {[%clk
00:03:00]} {[%emt 00:00:02]} d6 {[%clk 00:03:05]} 3. d4 {[%clk 00:03:01]}
{[%emt 00:00:01]} cxd4 {[%clk 00:03:05]} {[%emt 00:00:02]} 4. Nxd4 {[%clk
00:03:02]} a6 {[%clk 00:03:07]} 5. Nc3 {[%clk 00:03:02]} {[%emt 00:00:03]} Nc6
{[%clk 00:03:07]} {[%emt 00:00:02]} 6. Bc4 {[%clk 00:02:57]} {[%emt 00:00:06]}
g6 {[%clk 00:03:08]} {[%emt 00:00:02]} 7. Be3 {[%clk 00:02:58]} {[%emt
00:00:01]} Bg7 {[%clk 00:03:09]} 8. Qd2 {[%clk 00:02:59]} {[%emt 00:00:02]} Nf6
{[%clk 00:03:09]} 9. f3 {[%clk 00:03:00]} {[%emt 00:00:01]} O-O {[%clk
00:03:09]} {[%emt 00:00:02]} 10. g4 {[%clk 00:02:59]} {[%emt 00:00:03]} b5
{[%clk 00:03:10]} 11. Bd3 {[%emt 00:00:06]} Nb4 {[%clk 00:03:05]} 12. h4 {[%clk
00:02:47]} {[%emt 00:00:18]} Nxd3+ {[%clk 00:03:05]} {[%emt 00:00:02]} 13. cxd3
{[%clk 00:02:48]} {[%emt 00:00:01]} h5 {[%clk 00:03:03]} {[%emt 00:00:04]} 14.
Bh6 {[%clk 00:02:38]} {[%emt 00:00:12]} Bb7 {[%clk 00:02:58]} {[%emt 00:00:07]}
15. gxh5 {[%clk 00:02:25]} {[%emt 00:00:15]} Nxh5 {[%clk 00:02:58]} {[%emt
00:00:01]} 16. Bxg7 {[%clk 00:02:24]} {[%emt 00:00:04]} Kxg7 {[%clk 00:02:59]}
{[%emt 00:00:01]} 17. Qg5 {[%clk 00:01:57]} {[%emt 00:00:28]} e5 {[%clk
00:02:50]} {[%emt 00:00:12]} 18. Nf5+ {[%clk 00:01:53]} {[%emt 00:00:06]} Kg8
{[%clk 00:02:18]} {[%emt 00:00:30]} 19. Nh6+ {[%clk 00:01:43]} {[%emt
00:00:16]} Kh7 {[%clk 00:02:06]} {[%emt 00:00:12]} 20. Qxd8 {[%clk 00:01:39]}
{[%emt 00:00:07]} Raxd8 {[%clk 00:02:07]} {[%emt 00:00:02]} 21. Ng4 {[%clk
00:01:37]} {[%emt 00:00:03]} f5 {[%clk 00:02:00]} {[%emt 00:00:09]} 22. Ne3
{[%clk 00:01:11]} {[%emt 00:00:29]} fxe4 {[%clk 00:01:57]} {[%emt 00:00:06]} 23.
fxe4 {[%clk 00:01:12]} {[%emt 00:00:01]} Rf3 {[%clk 00:01:46]} {[%emt
00:00:12]} 24. Ke2 {[%clk 00:01:00]} {[%emt 00:00:14]} Rdf8 {[%clk 00:01:47]}
{[%emt 00:00:01]} 25. Raf1 {[%clk 00:00:58]} {[%emt 00:00:03]} Ng3+ {[%clk
00:01:47]} {[%emt 00:00:02]} 26. Ke1 {[%clk 00:00:55]} {[%emt 00:00:06]} Nxf1
{[%clk 00:01:47]} {[%emt 00:00:03]} 27. Nxf1 {[%clk 00:00:52]} {[%emt
00:00:04]} Rxd3 {[%clk 00:01:48]} {[%emt 00:00:02]} 28. Nd2 {[%clk 00:00:46]}
{[%emt 00:00:07]} b4 {[%clk 00:01:38]} {[%emt 00:00:12]} 29. Ne2 {[%clk
00:00:42]} {[%emt 00:00:06]} Re3 {[%clk 00:01:30]} {[%emt 00:00:09]} 30. Nc4
{[%clk 00:00:33]} {[%emt 00:00:11]} Rxe4 {[%clk 00:01:27]} {[%emt 00:00:06]} 31.
Nxd6 {[%clk 00:00:33]} {[%emt 00:00:02]} Rxe2+ {[%clk 00:01:27]} {[%emt
00:00:02]} 32. Kxe2 {[%clk 00:00:32]} {[%emt 00:00:03]} Bxh1 {[%clk 00:01:28]}
{[%emt 00:00:01]} 33. h5 {[%clk 00:00:22]} {[%emt 00:00:13]} gxh5 {[%clk
00:03:02]} {[%emt 00:00:03]} 0-1

[Event "Turniej Blitza na II Lidze Juniorów 2018"]
[Site "Szczyrk, Poland"]
[Date "????.??.??"]
[Round "7.2"]
[White "Szadkowski, Kamil"]
[Black "Klepek, Witold"]
[Result "1-0"]
[TimeControl "3'+2\""]
[WhiteTitle "FM"]
[WhiteElo "2209"]
[BlackElo "2035"]

1. c4 {[%clk 00:03:02]} {[%emt 00:00:02]} e5 {[%clk 00:03:01]} {[%emt
00:00:03]} 2. g3 {[%clk 00:03:02]} {[%emt 00:00:01]} c6 {[%clk 00:03:00]}
{[%emt 00:00:03]} 3. d4 {[%clk 00:03:03]} exd4 {[%clk 00:03:01]} {[%emt
00:00:02]} 4. Qxd4 {[%clk 00:03:04]} {[%emt 00:00:01]} d5 {[%clk 00:03:02]}
{[%emt 00:00:01]} 5. Nf3 {[%clk 00:03:00]} {[%emt 00:00:06]} Nf6 {[%clk
00:03:02]} 6. Bg2 {[%clk 00:03:01]} Na6 {[%clk 00:03:02]} {[%emt 00:00:02]} 7.
cxd5 {[%clk 00:02:42]} {[%emt 00:00:22]} Bc5 {[%clk 00:02:51]} {[%emt
00:00:13]} 8. Qe5+ {[%clk 00:02:41]} {[%emt 00:00:03]} Be6 {[%clk 00:02:52]} 9.
O-O {[%clk 00:02:33]} {[%emt 00:00:11]} cxd5 {[%clk 00:02:41]} {[%emt
00:00:12]} 10. Bg5 {[%clk 00:02:25]} {[%emt 00:00:11]} Be7 {[%clk 00:02:39]}
{[%emt 00:00:04]} 11. Nd4 {[%clk 00:02:24]} {[%emt 00:00:04]} Nc5 {[%clk
00:02:29]} {[%emt 00:00:11]} 12. Nxe6 {[%clk 00:02:20]} {[%emt 00:00:05]} Nxe6
{[%clk 00:02:30]} {[%emt 00:00:02]} 13. Nc3 {[%clk 00:02:20]} {[%emt 00:00:02]}
d4 {[%clk 00:02:28]} {[%emt 00:00:04]} 14. Qb5+ {[%clk 00:02:10]} {[%emt
00:00:12]} Qd7 {[%clk 00:02:06]} {[%emt 00:00:23]} 15. Bxb7 {[%clk 00:02:03]}
{[%emt 00:00:09]} dxc3 {[%clk 00:01:54]} {[%emt 00:00:15]} 16. Bc6 {[%clk
00:02:04]} {[%emt 00:00:01]} cxb2 {[%clk 00:01:25]} {[%emt 00:00:32]} 17. Bxd7+
Nxd7 {[%clk 00:01:26]} 18. Rad1 {[%clk 00:02:03]} {[%emt 00:00:01]} Bxg5 {[%clk
00:01:21]} {[%emt 00:00:06]} 19. Qxd7+ {[%clk 00:02:03]} {[%emt 00:00:02]} Kf8
{[%clk 00:01:22]} 20. Qc6 {[%clk 00:01:55]} {[%emt 00:00:09]} Re8 {[%clk
00:01:00]} {[%emt 00:00:25]} 21. f4 {[%clk 00:01:36]} {[%emt 00:00:21]} Bf6
{[%clk 00:01:01]} 22. e4 {[%clk 00:01:36]} {[%emt 00:00:02]} g6 {[%clk
00:00:31]} {[%emt 00:00:32]} 23. f5 {[%clk 00:01:37]} {[%emt 00:00:01]} gxf5
{[%clk 00:00:15]} {[%emt 00:00:18]} 24. exf5 {[%clk 00:01:33]} {[%emt
00:00:06]} Bd4+ {[%clk 00:00:16]} 25. Rxd4 {[%clk 00:01:31]} {[%emt 00:00:05]}
Nxd4 {[%clk 00:00:17]} {[%emt 00:00:01]} 26. Qd6+ {[%clk 00:01:32]} Kg7 {[%clk
00:00:17]} {[%emt 00:00:02]} 27. Qxd4+ {[%clk 00:01:29]} {[%emt 00:00:05]} 1-0

[Event "Turniej Blitza na II Lidze Juniorów 2018"]
[Site "Szczyrk, Poland"]
[Date "????.??.??"]
[Round "7.39"]
[White "Topola, Rafal"]
[Black "Kupiecki, Szymon"]
[Result "0-1"]
[TimeControl "3'+2\""]
[WhiteElo "1244"]
[BlackElo "1519"]

1. Nf3 {[%clk 00:03:02]} {[%emt 00:00:02]} Nf6 {[%clk 00:03:02]} {[%emt
00:00:03]} 2. g3 {[%clk 00:03:03]} {[%emt 00:00:01]} g6 {[%clk 00:03:01]}
{[%emt 00:00:03]} 3. Bg2 {[%clk 00:03:04]} Bg7 {[%clk 00:03:02]} 4. d3 {[%clk
00:03:05]} {[%emt 00:00:02]} Nc6 {[%clk 00:02:54]} {[%emt 00:00:10]} 5. e4
{[%clk 00:03:06]} {[%emt 00:00:01]} e5 {[%clk 00:02:55]} 6. O-O {[%clk
00:03:06]} {[%emt 00:00:02]} O-O {[%clk 00:02:55]} {[%emt 00:00:02]} 7. Nc3
{[%clk 00:03:06]} {[%emt 00:00:02]} d6 {[%clk 00:02:54]} {[%emt 00:00:02]} 8.
Ne1 {[%clk 00:02:58]} {[%emt 00:00:11]} Nd4 {[%clk 00:02:48]} {[%emt 00:00:08]}
9. f4 {[%clk 00:02:53]} {[%emt 00:00:06]} Bg4 {[%clk 00:02:39]} {[%emt
00:00:11]} 10. Qd2 {[%clk 00:02:40]} {[%emt 00:00:15]} Nh5 {[%clk 00:02:19]}
{[%emt 00:00:23]} 11. h3 {[%clk 00:02:26]} {[%emt 00:00:16]} Bd7 {[%clk
00:02:19]} 12. Qf2 {[%clk 00:02:20]} {[%emt 00:00:08]} exf4 {[%clk 00:02:16]}
{[%emt 00:00:06]} 13. gxf4 {[%clk 00:02:20]} {[%emt 00:00:01]} Qc8 {[%clk
00:02:17]} {[%emt 00:00:02]} 14. Be3 {[%clk 00:02:09]} {[%emt 00:00:13]} Nc6
{[%clk 00:02:17]} {[%emt 00:00:01]} 15. Kh2 {[%clk 00:02:04]} {[%emt 00:00:07]}
f5 {[%clk 00:02:11]} {[%emt 00:00:09]} 16. Nd5 {[%clk 00:01:50]} {[%emt
00:00:16]} Bxb2 {[%clk 00:01:58]} {[%emt 00:00:15]} 17. Rb1 {[%clk 00:01:52]}
Bg7 {[%clk 00:01:58]} {[%emt 00:00:01]} 18. c4 {[%clk 00:01:27]} {[%emt
00:00:26]} b6 {[%clk 00:01:32]} {[%emt 00:00:29]} 19. a4 {[%clk 00:01:00]}
{[%emt 00:00:32]} Qd8 {[%clk 00:01:17]} {[%emt 00:00:17]} 20. Nc2 {[%clk
00:00:55]} {[%emt 00:00:08]} Nf6 {[%clk 00:01:09]} {[%emt 00:00:10]} 21. Nxf6+
{[%clk 00:00:45]} {[%emt 00:00:11]} Bxf6 {[%clk 00:01:08]} {[%emt 00:00:04]} 22.
e5 {[%clk 00:00:32]} {[%emt 00:00:16]} dxe5 {[%clk 00:01:06]} {[%emt 00:00:03]}
23. Nb4 {[%clk 00:00:32]} {[%emt 00:00:01]} Qe8 {[%clk 00:01:00]} {[%emt
00:00:08]} 24. Qf3 {[%clk 00:00:18]} {[%emt 00:00:16]} Nxb4 {[%clk 00:00:47]}
{[%emt 00:00:16]} 25. Qxa8 {[%clk 00:00:05]} {[%emt 00:00:15]} Qxa8 {[%clk
00:00:41]} {[%emt 00:00:08]} 26. Bxa8 {[%clk 00:00:06]} {[%emt 00:00:01]} Nxd3
{[%clk 00:00:36]} {[%emt 00:00:07]} 27. Bd5+ {[%clk 00:00:06]} {[%emt
00:00:01]} Kh8 {[%clk 00:00:37]} {[%emt 00:00:02]} 28. Rbd1 {[%clk 00:00:07]}
exf4 {[%clk 00:00:37]} {[%emt 00:00:01]} 29. Rxd3 {[%clk 00:00:07]} {[%emt
00:00:03]} fxe3 {[%clk 00:00:38]} 30. Rxe3 {[%clk 00:00:08]} c6 {[%clk
00:00:38]} {[%emt 00:00:02]} 31. Bg2 {[%clk 00:00:08]} {[%emt 00:00:02]} Bd4
{[%clk 00:00:37]} {[%emt 00:00:03]} 32. Re2 {[%clk 00:00:09]} {[%emt 00:00:01]}
Bc5 {[%clk 00:00:36]} {[%emt 00:00:03]} 33. Rfe1 {[%clk 00:00:10]} {[%emt
00:00:01]} f4 {[%clk 00:00:26]} {[%emt 00:00:12]} 34. Bf3 {[%clk 00:00:10]}
{[%emt 00:00:02]} g5 {[%clk 00:00:24]} {[%emt 00:00:04]} 35. Re5 {[%clk
00:00:08]} {[%emt 00:00:03]} h6 {[%clk 00:00:24]} {[%emt 00:00:03]} 36. R5e4
{[%clk 00:00:07]} {[%emt 00:00:03]} Kg7 {[%clk 00:00:10]} {[%emt 00:00:16]} 37.
R1e2 {[%clk 00:00:08]} {[%emt 00:00:01]} a5 {[%clk 00:00:09]} {[%emt 00:00:03]}
38. Re1 {[%clk 00:00:09]} {[%emt 00:00:01]} Bb4 {[%clk 00:00:07]} {[%emt
00:00:04]} 39. R1e2 {[%emt 00:00:01]} Bf5 {[%clk 00:00:05]} {[%emt 00:00:03]}
40. Re5 {[%clk 00:00:11]} {[%emt 00:00:02]} Bc3 {[%clk 00:00:04]} {[%emt
00:00:02]} 41. Re7+ {[%clk 00:00:11]} {[%emt 00:00:02]} Kg6 {[%clk 00:00:05]}
{[%emt 00:00:02]} 42. Be4 {[%clk 00:00:10]} {[%emt 00:00:03]} Bf6 {[%clk
00:00:05]} {[%emt 00:00:01]} 43. Bxf5+ {[%clk 00:00:09]} {[%emt 00:00:03]} Kxf5
{[%clk 00:00:07]} {[%emt 00:00:01]} 44. R7e6 {[%clk 00:00:10]} h5 {[%clk
00:00:06]} {[%emt 00:00:02]} 45. Rxc6 {[%clk 00:00:11]} {[%emt 00:00:02]} g4
{[%clk 00:00:07]} 46. hxg4+ hxg4 {[%clk 00:00:09]} 47. Rxb6 {[%clk 00:00:12]}
{[%emt 00:00:02]} f3 {[%clk 00:00:09]} {[%emt 00:00:02]} 48. Rb5+ {[%clk
00:00:14]} Kf4 {[%clk 00:00:08]} {[%emt 00:00:03]} 49. Rc2 {[%clk 00:00:11]}
{[%emt 00:00:04]} Rh8+ {[%clk 00:00:09]} {[%emt 00:00:02]} 50. Kg1 {[%clk
00:00:11]} {[%emt 00:00:01]} g3 {[%clk 00:00:10]} {[%emt 00:00:02]} 51. Rb6
{[%clk 00:00:11]} {[%emt 00:00:02]} f2+ {[%clk 00:00:10]} {[%emt 00:00:01]} 52.
Kf1 {[%clk 00:00:11]} {[%emt 00:00:03]} Rh1+ {[%clk 00:00:11]} 53. Kg2 {[%clk
00:00:12]} f1=Q# {[%emt 00:00:04]} 0-1